Základy přestavby hospodářského mechanismu ZPoK

Na minha lista:
Detalhes bibliográficos
Autor principal: Zavíral, Jan
Formato: Livro
Idioma:tcheco
Publicado em: Praha VŠE - Fakulta výrobně ekonomická 1989
Edição:1. vyd.
Tags: Adicionar Tag
Sem tags, seja o primeiro a adicionar uma tag!

MARC

LEADER 00000nam a2200000 4500
001 c030007
005 20221215121100.8
041 0 |a cze 
044 |a CZ 
245 1 0 |a Základy přestavby hospodářského mechanismu ZPoK  |c Jan Zavíral a kol. 
250 |a 1. vyd. 
264 1 |a Praha  |b VŠE - Fakulta výrobně ekonomická  |c 1989 
300 |a 88 s. 
100 1 |a Zavíral, Jan